El Ecosistema de manglar en América Latina y la Cuenca del Caribe: su manejo y conservación /
La problemática de los ecosistemas de manglar en Nicaragua se ha agudizado en los últimos diez años por factores socioeconómicos y políticos. Entre ellos se señala la falta de alternativas energéticas derivadas del petróleo, la escasez de divisas para la importación de taninos, la ausencia de políti...
Uloženo v:
| Hlavní autor: | |
|---|---|
| Médium: | Neznámo |
| Vydáno: |
Miami, FL:
University of Miami. Rosenstiel School of Marine and Atmospheric Science. Division of Marine Affairs & Policy
|
| Témata: | |
| Tagy: |
Přidat tag
Žádné tagy, Buďte první, kdo vytvoří štítek k tomuto záznamu!
|
MARC
| LEADER | 00000 a2200000 04500 | ||
|---|---|---|---|
| 001 | 6781 | ||
| 003 | |||
| 008 | 991231s d | ||
| 040 | |||
| 090 | |a 126206 | ||
| 100 | 1 | |a Suman, Daniel O | |
| 245 | |a El Ecosistema de manglar en América Latina y la Cuenca del Caribe: su manejo y conservación / |c Daniel O Suman | ||
| 260 | |a Miami, FL: |b University of Miami. Rosenstiel School of Marine and Atmospheric Science. Division of Marine Affairs & Policy | ||
| 300 | |a vi, 263 p | ||
| 520 | |a La problemática de los ecosistemas de manglar en Nicaragua se ha agudizado en los últimos diez años por factores socioeconómicos y políticos. Entre ellos se señala la falta de alternativas energéticas derivadas del petróleo, la escasez de divisas para la importación de taninos, la ausencia de políticas de fortalecimiento legal e institucional que se dediquen a la regulación y el control de los ecosistemas costeros y la falta de planificación e investigación básica que evalúe el estado actual de los recursos naturales costeros y orienten en el desarrollo de un marco legal que garantice la conservación ambiental. Se considera que a Nicaragua le hacen falta estrategias sostenibles y alternativas socioeconómicas para los recursos actualmente explotables. A su vez, el manejo y la conservación de los ecosistemas de manglares y áreas costeras deben de estar insertos en el desarrollo de la planificación, la política y las estrategias económicas del país, por su importancia nacional como generadora de divisas y fuente de ingresos para las economías rurales. OB/LOB | ||
| 650 | |a BOSQUES TROPICALES | ||
| 650 | |a RECURSOS NATURALES | ||
| 650 | |a ASPECTOS SOCIALES | ||
| 650 | |a ZONAS LITORALES | ||
| 650 | |a MEDIO AMBIENTE | ||
| 650 | |a ESTRATEGIA DEL DESARROLLO | ||
| 650 | |a DESARROLLO SUSTENTABLE | ||
| 650 | |a LEGISLACION | ||
| 650 | |a MADERA | ||
| 650 | |a ECOLOGIA | ||
| 999 | |c 2450 |d 2450 | ||
